Information for immigrants (Record no. 168082)

MARC details
000 -LEADER
campo de control de longitud fija 00924nam a2200205 i 4500
001 - NÚMERO DE CONTROL
campo de control 168082
003 - IDENTIFICADOR DE NÚMERO DE CONTROL
campo de control ES-MaACL
005 - FECHA Y HORA DE LA ÚLTIMA TRANSACCIÓN
campo de control 20250831013821.0
008 - DATOS DE LONGITUD FIJA--INFORMACIÓN GENERAL
campo de control de longitud fija 051010s1871 xxu |||| | eng d
100 1# - ENTRADA PRINCIPAL--NOMBRE DE PERSONA
Nombre de persona Young, Edward.
9 (RLIN) 133994
245 10 - MENCIÓN DEL TÍTULO
Título Information for immigrants
Resto del título : relative to the prices and rentals of land, the staple products, facilities of access to market, cost of farm stock ... : to which are append ... : in the year 1869-70 /
Mención de responsabilidad, etc. by Edward Young.
260 ## - PUBLICACIÓN, DISTRIBUCIÓN, ETC.
Lugar de publicación, distribución, etc. Philadelphia :
Nombre del editor, distribuidor, etc. Samuel D. Burlock & Co.,
Fecha de publicación, distribución, etc. 1871.
300 ## - DESCRIPCIÓN FÍSICA
Extensión 232 p. ;
Dimensiones 23 cm.
651 #4 - PUNTO DE ACCESO ADICIONAL DE MATERIA--NOMBRE GEOGRÁFICO
Nombre geográfico Estados Unidos-
Subdivisión general Situación económica
9 (RLIN) 8572
651 #4 - PUNTO DE ACCESO ADICIONAL DE MATERIA--NOMBRE GEOGRÁFICO
Nombre geográfico Estados Unidos-
Subdivisión general Emigración-
Subdivisión de forma Fuentes.
9 (RLIN) 137132
710 2# - ENTRADA AGREGADA--NOMBRE DE ENTIDAD CORPORATIVA
Nombre de entidad corporativa o nombre de jurisdicción como elemento de entrada Burlock, Samuel D. & Co.
9 (RLIN) 134207
752 ## - ENTRADA AGREGADA--NOMBRE JERÁRQUICO DEL LUGAR
País o entidad superior Estados Unidos de América -
Ciudad Filadelfia
852 ## - LOCALIZACIÓN
Ubicación ES-MaACL
Número de control de estantería G-13638
Nota libre - Enc. ed. en tela
-- - Lleva enc. numerosas p. de publicidad
Holdings
Estatus retirado Estado de pérdida Estado de daño No para préstamo Colección Biblioteca de origen Biblioteca actual Ubicación en estantería Fecha de adquisición Fuente de adquisición Total de préstamos Signatura topográfica completa Código de barras Visto por última vez Precio de reemplazo Tipo de ítem Koha
        Libros del s. XIX Biblioteca del Ateneo de Madrid Biblioteca del Ateneo de Madrid Sala Pecera Planta 3 17/01/2008     G-13638 1176355 23/02/2023 23/02/2023 Libro impreso antiguo